[Event "GMA Baleares Open"]
[Site "Palma de Majorca ESP"]
[Date "1989.??.??"]
[Round "2"]
[White "Suba, Mihai"]
[Black "Vladimirov, Evgeny Y"]
[Result "1/2-1/2"]
[WhiteElo "2515"]
[BlackElo "2550"]
[PlyCount "70"]
[EventDate "1989.12.??"]
[Source "www.chesslib.no"]
[SourceDate "2004.05.04"]

1. Nf3 d5 2. c4 dxc4 3. e3 Nf6 4. Bxc4 e6 5. b3 c5 6. Bb2 Nc6 7. Nc3 Be7 8. Qb1 b6 9. Bb5 Bb7 10. Ne5 Rc8 11. Ne4 O-O 12. Bxc6 Bxc6 13. Ng5 h6 14. Nxc6 Rxc6 15. h4 Re8 16. Qc2 c4 17. Rc1 b5 18. Bxf6 Bxf6 19. Qh7+ Kf8 20. Qe4 Qd5 21. Nh7+ Ke7 22. Nxf6 Kxf6 23. Qf4+ Ke7 24. bxc4 Qd3 25. c5 a5 26. e4 Qa3 27. O-O Rxc5 28. d4 Rcc8 29. d5 Qd6 30. Qd2 b4 31. Qd4 Kf8 32. g3 exd5 33. exd5 Rc3 34. Rxc3 bxc3 35. Qxc3 Qxd5 1/2-1/2

[Event "Santa Cruz de la Palma Open"]
[Site "Santa Cruz"]
[Date "1995.??.??"]
[Round "?"]
[White "Damljanovic, Branko"]
[Black "Garcia Palermo, Carlos H"]
[Result "1/2-1/2"]
[WhiteElo "2575"]
[BlackElo "2490"]
[PlyCount "119"]
[EventDate "1995.07.??"]
[Source "www.chesslib.no"]
[SourceDate "2004.05.04"]

1. Nf3 d5 2. c4 dxc4 3. Na3 c5 4. Nxc4 Nc6 5. e3 Nf6 6. Be2 g6 7. b3 Bg7 8. Bb2 O-O 9. O-O Bg4 10. h3 Bxf3 11. Bxf3 Rc8 12. Rc1 Nd5 13. Bxg7 Kxg7 14. a3 Qd7 15. d3 Rfd8 16. Qc2 b5 17. Rfd1 Nf6 18. Bxc6 Qxc6 19. Ne5 Qe6 20. Qb2 Kg8 21. Rd2 Nd7 22. Nxd7 Qxd7 23. Rc3 c4 24. bxc4 bxc4 25. d4 Qd5 26. Qc2 f5 27. Qa4 Rd7 28. Rdc2 Rdc7 29. Rb2 Kf7 30. Rb5 Qc6 31. Qb4 Qd6 32. Qa5 e6 33. Qb4 Qxb4 34. axb4 a6 35. Rc5 Rxc5 36. bxc5 e5 37. Rxc4 exd4 38. exd4 Ke6 39. Ra4 Kd5 40. Kf1 Re8 41. g3 Re6 42. Kg2 Ke4 43. g4 fxg4 44. hxg4 g5 45. f3+ Kd5 46. Kf2 h6 47. Rb4 a5 48. Ra4 Ra6 49. f4 gxf4 50. Kf3 Rf6 51. Rxa5 Kxd4 52. Rb5 Kd5 53. Rb6 Rf8 54. Rxh6 Kxc5 55. Re6 Kd5 56. Re1 Rf6 57. Re8 Kd6 58. Re4 Kd5 59. Rxf4 Ke5 60. Rf5+ 1/2-1/2

[Event "4th GP du Senat"]
[Site "Paris"]
[Date "2003.09.06"]
[Round "1.3"]
[White "Vaisser, Anatoli"]
[Black "Skripchenko Lautier, Almira"]
[Result "1-0"]
[WhiteElo "2571"]
[BlackElo "2489"]
[PlyCount "75"]
[EventDate "2003.09.06"]
[Source "Roberto Alvarez"]
[SourceDate "2003.09.22"]

1. Nf3 d5 2. c4 dxc4 3. e3 e6 4. Bxc4 Nf6 5. O-O c5 6. b3 a6 7. a4 Nc6 8. Bb2 Be7 9. Qe2 O-O 10. Rd1 b6 11. Nc3 Bb7 12. d4 cxd4 13. Nxd4 Nxd4 14. Rxd4 Qc7 15. Rh4 Rfd8 16. Rc1 Qd7 17. Rd4 Qc6 18. Rxd8+ Bxd8 19. f3 Be7 20. Bd3 Qd6 21. Rd1 Qc5 22. Bc4 h6 23. Kh1 Qc7 24. e4 Bd6 25. Rxd6 Qxd6 26. e5 Qe7 27. exf6 Qxf6 28. Ne4 Qe7 29. h3 Rd8 30. Qe1 Bd5 31. Qg3 Qf8 32. Nf6+ Kh8 33. Nh5 f6 34. Qg6 e5 35. Bd3 e4 36. Nxf6 Bg8 37. Qxh6+ gxh6 38. Nh5+ 1-0

[Event "IBM"]
[Site "Amsterdam"]
[Date "1978.??.??"]
[Round "1"]
[White "Langeweg, Kick"]
[Black "Romanishin, Oleg M"]
[Result "1/2-1/2"]
[WhiteElo "2450"]
[BlackElo "2610"]
[PlyCount "51"]
[EventDate "1978.07.??"]
[Source "ChessBase"]

1. Nf3 d5 2. c4 dxc4 3. e3 Bg4 4. Bxc4 e6 5. Qb3 Bxf3 6. gxf3 Nd7 7. Qxb7 Ngf6 8. Nc3 Be7 9. f4 O-O 10. O-O e5 11. f5 c6 12. d3 Rc8 13. Qb3 Nb6 14. Ba6 Rb8 15. Qd1 Nfd5 16. Nxd5 cxd5 17. e4 Qd6 18. exd5 Qxd5 19. Bd2 Rfd8 20. Qg4 Bf6 21. Bc3 Qd6 22. Rfe1 Nd5 23. Bc4 Nf4 24. Re3 Nd5 25. Ree1 Nf4 26. Re3 1/2-1/2

[Event "SLO Team Ch"]
[Site "?"]
[Date "1997.??.??"]
[Round "?"]
[White "Cebalo Miso"]
[Black "Mihalcisin Adrian"]
[Result "0-1"]
[WhiteElo "2540"]
[BlackElo "2515"]
[PlyCount "54"]
[EventDate "1997.??.??"]
[Source "www.chesslib.no"]
[SourceDate "2004.05.04"]

1. Nf3 d5 2. c4 dxc4 3. e3 c5 4. Bxc4 e6 5. d4 a6 6. Qe2 Nc6 7. dxc5 Bxc5 8. O-O Qc7 9. a3 Bd6 10. b4 Ne5 11. Nbd2 b5 12. Ba2 Nf6 13. Bb2 Nxf3+ 14. Nxf3 Bb7 15. Rac1 Qb8 16. Rfd1 O-O 17. Bxf6 gxf6 18. Rd4 Rd8 19. Rh4 Bxf3 20. Qxf3 f5 21. Qh5 Be5 22. g4 f4 23. Qxh7+ Kf8 24. Qe4 fxe3 25. fxe3 Qd6 26. Rf1 Ra7 27. Rh6 Re8 0-1

[Event "Garmisch"]
[Site "Garmisch"]
[Date "1994.??.??"]
[Round "1"]
[White "Bischoff, Klaus"]
[Black "Brunner, Lucas"]
[Result "1/2-1/2"]
[WhiteElo "2525"]
[BlackElo "2525"]
[PlyCount "56"]
[EventDate "1994.??.??"]
[Source "ChessBase"]

1. Nf3 d5 2. c4 dxc4 3. e3 Nf6 4. Bxc4 e6 5. O-O c5 6. b3 Nc6 7. Bb2 Be7 8. d4 cxd4 9. Nxd4 Nxd4 10. Bxd4 Bd7 11. Nd2 Bc6 12. Be2 O-O 13. Nc4 Nd7 14. Bf3 Bxf3 15. Qxf3 b5 16. Ne5 Nxe5 17. Bxe5 Qb6 18. Rad1 f6 19. Ba1 Rfd8 20. g4 h6 21. Qe4 Kf7 22. Kg2 a6 23. Rxd8 Rxd8 24. Rc1 Rd5 25. Bd4 Qd8 26. h3 Qd7 27. Rc2 Qd8 28. Rc1 Qd7 1/2-1/2

[Event "Sochi"]
[Site "Sochi"]
[Date "1986.??.??"]
[Round "10"]
[White "Vaganian, Rafael A"]
[Black "Yakovich, Yuri"]
[Result "1-0"]
[WhiteElo "2600"]
[BlackElo "2440"]
[PlyCount "81"]
[EventDate "1986.09.??"]
[Source "ChessBase"]

1. Nf3 d5 2. c4 dxc4 3. Qa4+ Nd7 4. g3 a6 5. Nc3 Rb8 6. Qxc4 b5 7. Qh4 Bb7 8. Bg2 Ngf6 9. O-O e6 10. d4 c5 11. Rd1 cxd4 12. Nxd4 Bxg2 13. Kxg2 Qb6 14. Bg5 Be7 15. Rac1 O-O 16. Ne4 Rfc8 17. Nf3 Rxc1 18. Rxc1 h6 19. Bxf6 Nxf6 20. Ne5 g5 21. Nxf6+ Bxf6 22. Qe4 Rd8 23. Nd3 Qd4 24. Qxd4 Rxd4 25. b3 Rd6 26. g4 Kg7 27. Kf3 Bd8 28. Rc8 f5 29. h3 Kf6 30. Nc5 Be7 31. Rh8 Rd2 32. Nxa6 Kg7 33. Rb8 Rxa2 34. Nc7 Rb2 35. Rxb5 Kf7 36. gxf5 exf5 37. Rxf5+ Kg6 38. Rb5 Rd2 39. Nd5 Bd8 40. Rc5 h5 41. b4 1-0

[Event "Recklinghausen"]
[Site "Recklinghausen"]
[Date "1997.??.??"]
[Round "4"]
[White "Bischoff, Klaus"]
[Black "Lazarev, Vladimir"]
[Result "1/2-1/2"]
[WhiteElo "2535"]
[BlackElo "2500"]
[PlyCount "33"]
[EventDate "1997.07.??"]
[Source "ChessBase"]
[SourceDate "1997.11.24"]

1. Nf3 d5 2. c4 dxc4 3. e3 e6 4. Bxc4 Nf6 5. O-O c5 6. b3 a6 7. Bb2 Nc6 8. Be2 Be7 9. d4 cxd4 10. Nxd4 Bd7 11. Nf3 O-O 12. Nbd2 b5 13. Qb1 Rc8 14. a4 Qb6 15. axb5 axb5 16. Rd1 Rfd8 17. Ne4 1/2-1/2

[Event "Nereto op"]
[Site "?"]
[Date "1998.??.??"]
[Round "?"]
[White "Badea Bela"]
[Black "Lazarev Vladimir"]
[Result "1/2-1/2"]
[WhiteElo "2545"]
[BlackElo "2490"]
[PlyCount "35"]
[EventDate "1998.??.??"]
[Source "www.chesslib.no"]
[SourceDate "2004.05.04"]

1. Nf3 d5 2. c4 dxc4 3. Na3 a6 4. Nxc4 b5 5. Ne3 Bb7 6. b3 e6 7. Bb2 Nf6 8. Nc2 Nbd7 9. e3 c5 10. Be2 Bd6 11. O-O O-O 12. d4 cxd4 13. Ncxd4 Qb6 14. Rc1 Rac8 15. Qd2 h6 16. Rxc8 Rxc8 17. Rc1 Rxc1+ 18. Qxc1 1/2-1/2

[Event "Belgorod"]
[Site "Belgorod"]
[Date "1991.??.??"]
[Round "?"]
[White "Sorokin, Maxim"]
[Black "Yakovich, Yuri"]
[Result "1-0"]
[WhiteElo "2500"]
[BlackElo "2530"]
[PlyCount "49"]
[EventDate "1991.??.??"]
[Source "ChessBase"]

1. Nf3 d5 2. c4 dxc4 3. Qa4+ Nd7 4. g3 e6 5. Bg2 a6 6. Nc3 Ngf6 7. O-O c5 8. Qxc4 b5 9. Qb3 c4 10. Qc2 Bb7 11. d3 Rc8 12. Rd1 cxd3 13. Qxd3 b4 14. Nb1 Bc5 15. Be3 O-O 16. Nbd2 Qe7 17. Nb3 Bxe3 18. Qxe3 Nc5 19. Ne5 Bxg2 20. Kxg2 Nce4 21. Nd3 Nd5 22. Qxe4 Rc2 23. Rac1 Rfc8 24. Rxc2 Rxc2 25. Nxb4 1-0

[Event "Lublin"]
[Site "Lublin"]
[Date "1993.??.??"]
[Round "?"]
[White "Dokhoian, Yury"]
[Black "Kishnev, Sergey"]
[Result "1/2-1/2"]
[WhiteElo "2510"]
[BlackElo "2510"]
[PlyCount "29"]
[EventDate "1993.??.??"]
[Source "ChessBase"]

1. Nf3 d5 2. c4 dxc4 3. e3 Be6 4. Na3 c5 5. Bxc4 Bxc4 6. Nxc4 Nc6 7. O-O e6 8. b3 Be7 9. Bb2 Bf6 10. Qb1 Bxb2 11. Qxb2 Nf6 12. Rfd1 Qd3 13. Nfe5 Nxe5 14. Nxe5 Qd5 15. d4 1/2-1/2

[Event "Moscow ol (Men)"]
[Site "Moscow"]
[Date "1994.??.??"]
[Round "13"]
[White "Zaichik, Gennadi"]
[Black "De la Villa Garcia, Jesus Maria"]
[Result "1-0"]
[WhiteElo "2530"]
[BlackElo "2490"]
[PlyCount "73"]
[EventDate "1994.11.??"]
[Source "ChessBase"]

1. Nf3 d5 2. c4 dxc4 3. Na3 c5 4. Nxc4 Nc6 5. g3 f6 6. Bg2 e5 7. O-O Nge7 8. b3 Nf5 9. Bb2 Be7 10. Rc1 O-O 11. Ne1 Bd7 12. Nd3 Rc8 13. f4 exf4 14. Nxf4 Nh6 15. a4 Kh8 16. e3 Bg4 17. Qe1 Qd7 18. h3 Be6 19. Nxe6 Qxe6 20. d4 Nb4 21. Rd1 Rcd8 22. Qf2 b6 23. Qf3 Nf7 24. d5 Qd7 25. Qh5 Qe8 26. Qf5 Qd7 27. Qh5 Qe8 28. Qf5 Qd7 29. Qxd7 Rxd7 30. e4 Nc2 31. e5 fxe5 32. Bxe5 Ne3 33. Rxf7 Rxf7 34. Nxe3 Bf6 35. Nc4 Rfe7 36. Bxf6 gxf6 37. Kf2 1-0

[Event "Gausdal Int"]
[Site "Gausdal NOR"]
[Date "1993.??.??"]
[Round "5"]
[White "Davies, Nigel R"]
[Black "Blatny, Pavel"]
[Result "1/2-1/2"]
[WhiteElo "2505"]
[BlackElo "2510"]
[PlyCount "23"]
[EventDate "1993.08.??"]
[Source "www.chesslib.no"]
[SourceDate "2004.05.04"]

1. Nf3 d5 2. c4 dxc4 3. Qa4+ Nd7 4. Qxc4 e6 5. g3 a6 6. Bg2 b5 7. Qc2 Bb7 8. O-O c5 9. d3 Ngf6 10. Nc3 Be7 11. a4 Qb6 12. axb5 1/2-1/2

[Event "Open, Lisbon POR"]
[Site "?"]
[Date "2001.??.??"]
[Round "4"]
[White "Horvath, Jo"]
[Black "Galego, L."]
[Result "1/2-1/2"]
[WhiteElo "2540"]
[BlackElo "2465"]
[PlyCount "71"]
[EventDate "2001.??.??"]
[Source "www.chesslib.no"]
[SourceDate "2004.05.04"]

1. Nf3 d5 2. c4 dxc4 3. Na3 Nf6 4. Nxc4 e6 5. g3 b6 6. Bg2 Bb7 7. b4 Be7 8. Bb2 O-O 9. a3 a5 10. b5 a4 11. d3 Nbd7 12. O-O Ra7 13. Nd4 Bxg2 14. Kxg2 Nb8 15. e4 Bc5 16. Nf3 c6 17. bxc6 Nxc6 18. Rb1 Na5 19. Nxa5 Rxa5 20. Ne5 Qa8 21. Nc4 Ra6 22. Qf3 Qd8 23. d4 Be7 24. Ba1 Qa8 25. Rfe1 b5 26. Ne5 Rb6 27. d5 exd5 28. exd5 Nxd5 29. Rbd1 Nf6 30. Nd7 Qxf3+ 31. Kxf3 Nxd7 32. Rxe7 Nf6 33. Kg2 Rc8 34. Bxf6 Rxf6 35. Rc1 Rd8 36. Rd1 1/2-1/2

[Event "Bundesliga 9899"]
[Site "Germany"]
[Date "1999.01.09"]
[Round "7.5"]
[White "Stangl, Markus"]
[Black "Kraut, Rainer"]
[Result "1/2-1/2"]
[WhiteElo "2545"]
[BlackElo "2460"]
[PlyCount "82"]
[EventDate "1998.10.17"]
[Source "ChessBase"]
[SourceDate "1999.07.01"]

1. Nf3 d5 2. c4 dxc4 3. Na3 c5 4. Nxc4 Nc6 5. g3 f6 6. Bg2 e5 7. O-O Be6 8. d3 Nge7 9. Nfd2 Nd5 10. Ne4 Be7 11. Ne3 O-O 12. Nc3 Nxe3 13. Bxe3 Qd7 14. Qa4 Rac8 15. Rac1 Rfd8 16. b3 b6 17. Nb5 Bf8 18. Rfe1 Kh8 19. h4 Bd5 20. Bxd5 Qxd5 21. a3 Qd7 22. Bd2 a6 23. Nc3 b5 24. Qe4 Nd4 25. Rb1 Qf7 26. a4 b4 27. Nd1 Nxb3 28. Be3 c4 29. dxc4 Rxc4 30. Qf3 Nd4 31. Bxd4 Rcxd4 32. Ne3 a5 33. Rec1 Qd7 34. Qc6 Qxc6 35. Rxc6 Rd2 36. Ra6 Bc5 37. Kf1 Bxe3 38. fxe3 R2d5 39. Rc1 h5 40. Rc7 Rd1+ 41. Kf2 R1d7 1/2-1/2

[Event "CHN-CIS"]
[Site "Beijing"]
[Date "1991.??.??"]
[Round "?"]
[White "Anastasian, Ashot"]
[Black "Ye Rongguang"]
[Result "0-1"]
[WhiteElo "2485"]
[BlackElo "2515"]
[PlyCount "132"]
[EventDate "1991.??.??"]
[Source "ChessBase"]

1. Nf3 d5 2. c4 dxc4 3. e3 Nf6 4. Bxc4 e6 5. b3 c5 6. Bb2 Be7 7. O-O O-O 8. a3 a6 9. Be2 b6 10. d3 Bb7 11. Nbd2 Nd5 12. Rc1 Nd7 13. Rc2 Bf6 14. Qb1 Qe7 15. Bxf6 Qxf6 16. Rfc1 Rac8 17. Ne4 Qe7 18. Qb2 e5 19. Nc3 N5f6 20. Nd2 a5 21. h3 h6 22. Nde4 Ne8 23. Na2 f5 24. Nd2 f4 25. e4 Nc7 26. b4 axb4 27. axb4 Ne6 28. Nf3 Qd6 29. bxc5 Rxc5 30. Rxc5 Nexc5 31. Nb4 Ra8 32. Nd2 b5 33. Nd5 Rb8 34. Nb3 Bxd5 35. Nxc5 Nxc5 36. exd5 b4 37. Rc4 b3 38. d4 exd4 39. Rxd4 Qf6 40. d6 Rb4 41. Rd2 Qxb2 42. Rxb2 Rd4 43. Rb1 Kf8 44. Bd1 Rd3 45. Kf1 Ke8 46. Ke2 Kd7 47. Rc1 Kxd6 48. Rxc5 Rxd1 49. Rb5 Rb1 50. Kf3 Kc6 51. Rb8 Kc5 52. Kxf4 Kc4 53. Rb7 Re1 54. Rc7+ Kd3 55. Rd7+ Kc2 56. Rc7+ Kd2 57. Rd7+ Kc1 58. Rc7+ Kb1 59. Rxg7 b2 60. g4 Kc2 61. Rb7 b1=Q 62. Rxb1 Rxb1 63. h4 Kd3 64. g5 Rb4+ 65. Ke5 Re4+ 66. Kf5 Rxh4 0-1

[Event "LXXVII Camp. ucraino"]
[Site "Poltava UCR"]
[Date "2008.12.07"]
[Round "6"]
[White "Brodsky, Michail"]
[Black "Nyzhnyk, Illya"]
[Result "0-1"]
[WhiteElo "2551"]
[BlackElo "2444"]
[PlyCount "96"]
[EventDate "2008.12.02"]
[Source "www.chesslib.no"]
[SourceDate "2004.05.04"]

1. Nf3 d5 2. c4 dxc4 3. e3 Nf6 4. Bxc4 e6 5. O-O a6 6. b3 Nbd7 7. Bb2 Be7 8. Re1 O-O 9. Bf1 b6 10. d3 Bb7 11. Nbd2 c5 12. Qc2 Nd5 13. a3 Bf6 14. Ne4 Bxb2 15. Qxb2 Qe7 16. Rac1 e5 17. Ng3 Rac8 18. Nd2 f5 19. e4 fxe4 20. dxe4 Nf4 21. Nc4 b5 22. Ne3 g6 23. a4 Bc6 24. axb5 axb5 25. f3 h5 26. Nh1 Qg5 27. Nf2 Ne6 28. Nh3 Qd8 29. Nd5 Nd4 30. Kh1 Bb7 31. Nf2 Qh4 32. Nd3 Ba8 33. Red1 Bxd5 34. exd5 Rfe8 35. Nf2 Nf6 36. d6 Red8 37. Re1 Rxd6 38. Rxe5 Nd7 39. Ree1 Rf8 40. Ne4 Rd5 41. Red1 Qf4 42. Nc3 Rd6 43. Bxb5 Ne5 44. Bc4+ Nxc4 45. bxc4 Nxf3 46. gxf3 Qxf3+ 47. Kg1 Qe3+ 48. Kg2 Rdf6 0-1

[Event "JUG Ch"]
[Site "Novi Sad YUG"]
[Date "1995.??.??"]
[Round "?"]
[White "Simic, Radoslav"]
[Black "Drasko, Milan"]
[Result "1/2-1/2"]
[WhiteElo "2485"]
[BlackElo "2510"]
[PlyCount "28"]
[EventDate "1995.02.??"]
[Source "www.chesslib.no"]
[SourceDate "2004.05.04"]

1. Nf3 d5 2. c4 dxc4 3. Qa4+ Nc6 4. Qxc4 e5 5. d3 h6 6. e3 g6 7. Be2 Bg7 8. O-O Nge7 9. Nbd2 O-O 10. a3 a5 11. Rb1 Be6 12. Qc2 a4 13. b4 axb3 14. Nxb3 b6 1/2-1/2

[Event "TCh-CRO"]
[Site "Rabac"]
[Date "2004.06.24"]
[Round "5"]
[White "Dizdar, Goran"]
[Black "Fercec, Nenad"]
[Result "1/2-1/2"]
[WhiteElo "2531"]
[BlackElo "2460"]
[PlyCount "35"]
[EventDate "2004.06.21"]
[Source "Roberto Alvarez"]
[SourceDate "2004.06.07"]

1. Nf3 d5 2. c4 dxc4 3. e3 Nf6 4. Bxc4 e6 5. O-O Be7 6. d4 O-O 7. Qe2 c5 8. dxc5 Nc6 9. e4 Bxc5 10. e5 Nd5 11. Qe4 f5 12. exf6 Nxf6 13. Qh4 Kh8 14. Nc3 e5 15. Ng5 Qd4 16. Qxd4 exd4 17. Na4 Bd6 18. b3 1/2-1/2

[Event "Berliner Sommer"]
[Site "Berlin GER"]
[Date "1993.??.??"]
[Round "?"]
[White "Espig, Lutz"]
[Black "Sher, Miron N"]
[Result "1-0"]
[WhiteElo "2455"]
[BlackElo "2535"]
[PlyCount "63"]
[EventDate "1993.08.??"]
[Source "www.chesslib.no"]
[SourceDate "2004.05.04"]

1. Nf3 d5 2. c4 dxc4 3. e3 Be6 4. Na3 c5 5. Nxc4 Nc6 6. b3 Bd5 7. Bb2 f6 8. d4 cxd4 9. Nxd4 e5 10. Nb5 Bb4+ 11. Bc3 Bxc3+ 12. Nxc3 Nge7 13. Qg4 g6 14. O-O-O f5 15. Qg3 O-O 16. Kb2 b5 17. Nxe5 f4 18. exf4 Nxe5 19. fxe5 Qb6 20. Nxd5 Rxf2+ 21. Kb1 Nxd5 22. Rxd5 Rc8 23. Bd3 Rd2 24. Bxg6 Rxd5 25. Be4+ Kh8 26. Bxd5 Qd4 27. Qf3 Qxe5 28. Rf1 Rd8 29. Be4 Re8 30. Bc2 Qg7 31. a3 a6 32. Qc6 1-0

[Event "YUG-chT"]
[Site "?"]
[Date "1998.??.??"]
[Round "3"]
[White "Arsovic Goran"]
[Black "Drasko Milan"]
[Result "1/2-1/2"]
[WhiteElo "2475"]
[BlackElo "2515"]
[PlyCount "37"]
[EventDate "1998.??.??"]
[Source "www.chesslib.no"]
[SourceDate "2004.05.04"]

1. Nf3 d5 2. c4 dxc4 3. e3 a6 4. Bxc4 e6 5. Bb3 Nf6 6. O-O c5 7. Qe2 Nc6 8. Rd1 Be7 9. Nc3 b5 10. d4 cxd4 11. exd4 Na5 12. Bc2 Bb7 13. Ne4 Bxe4 14. Bxe4 Nxe4 15. Qxe4 O-O 16. Bf4 Nc4 17. d5 Nxb2 18. Re1 Rc8 19. Qe2 1/2-1/2

[Event "RUS-Cup03 (Geller mem)"]
[Site "Moscow"]
[Date "1999.02.09"]
[Round "8"]
[White "Nalbandian, Tigran"]
[Black "Volzhin, Alexander"]
[Result "1/2-1/2"]
[WhiteElo "2439"]
[BlackElo "2543"]
[PlyCount "64"]
[EventDate "1999.02.10"]
[Source "ChessBase"]
[SourceDate "1999.06.08"]

1. Nf3 d5 2. c4 dxc4 3. Na3 a6 4. Nxc4 b5 5. Ne3 Bb7 6. g3 Nf6 7. Bg2 e6 8. O-O c5 9. b3 Be7 10. Bb2 O-O 11. Rc1 Nbd7 12. Rc2 Qb6 13. Qa1 Rac8 14. Rfc1 Rfd8 15. d3 Bf8 16. h4 Qa7 17. Ne5 Bxg2 18. Nxd7 Rxd7 19. Kxg2 Qb7+ 20. Kg1 Nd5 21. Ng4 h5 22. Ne5 Rdd8 23. Ba3 f6 24. Ng6 Bd6 25. Bxc5 Rxc5 26. Rxc5 Bxc5 27. Rxc5 Qf7 28. e4 Qxg6 29. exd5 Qxd3 30. Qe1 e5 31. Qa5 Qd1+ 32. Kh2 Rxd5 1/2-1/2

[Event "Vinkovci"]
[Site "Vinkovci"]
[Date "1993.??.??"]
[Round "4"]
[White "Cvitan, Ognjen"]
[Black "Sulava, Nenad"]
[Result "1-0"]
[WhiteElo "2550"]
[BlackElo "2430"]
[PlyCount "47"]
[EventDate "1993.12.??"]
[Source "ChessBase"]

1. Nf3 d5 2. c4 dxc4 3. e3 Nf6 4. Bxc4 e6 5. O-O a6 6. d4 b5 7. Be2 Nbd7 8. a4 b4 9. Nbd2 Bb7 10. Nb3 Bd6 11. Bd2 g5 12. Na5 Bd5 13. Nc4 a5 14. Be1 g4 15. Nxd6+ cxd6 16. Nd2 Rg8 17. f3 gxf3 18. Bxf3 Rg6 19. Bh4 Qb6 20. Rc1 Kf8 21. e4 Bc6 22. Nc4 Qa7 23. Nxd6 Bxa4 24. Qxa4 1-0

[Event "Peer Gynt"]
[Site "Gausdal NOR"]
[Date "1995.??.??"]
[Round "7"]
[White "Gausel, Einar"]
[Black "Zilberman, Yaacov"]
[Result "1/2-1/2"]
[WhiteElo "2490"]
[BlackElo "2490"]
[PlyCount "81"]
[EventDate "1995.07.??"]
[Source "www.chesslib.no"]
[SourceDate "2004.05.04"]

1. Nf3 d5 2. c4 dxc4 3. Qa4+ c6 4. Qxc4 Nf6 5. g3 g6 6. Bg2 Bg7 7. O-O O-O 8. d3 Bg4 9. Nc3 Nbd7 10. Qb4 Nb6 11. Bg5 a5 12. Qf4 Bxf3 13. Bxf3 Re8 14. Rab1 Nbd5 15. Qd2 Nc7 16. Bxf6 Bxf6 17. Ne4 Nd5 18. Nxf6+ exf6 19. Rfc1 Re6 20. Rc5 Rd6 21. Rbc1 Kg7 22. R1c4 h5 23. Rh4 f5 24. Rd4 b6 25. Rxc6 Rxc6 26. Rxd5 Qc7 27. Qe3 Rc8 28. Qd4+ Rf6 29. Kg2 Qe7 30. a4 Rc5 31. Rd8 Qe5 32. Qxe5 Rxe5 33. d4 Ree6 34. e3 Rd6 35. Rc8 Rfe6 36. h4 Kf6 37. b3 Ke7 38. Kf1 Rd8 39. Rc7+ Rd7 40. Rc8 Rd8 41. Rc7+ 1/2-1/2

[Event "Zonal"]
[Site "Reykjavik zt"]
[Date "1995.??.??"]
[Round "2"]
[White "Gausel, Einar"]
[Black "Degerman, Lars"]
[Result "1-0"]
[WhiteElo "2490"]
[BlackElo "2490"]
[PlyCount "70"]
[EventDate "1995.??.??"]
[Source "www.chesslib.no"]
[SourceDate "2004.05.04"]

1. Nf3 d5 2. c4 dxc4 3. e3 Nf6 4. Bxc4 e6 5. O-O c5 6. b3 Nc6 7. Bb2 Be7 8. Nc3 O-O 9. Rc1 b6 10. Qe2 Bb7 11. Rfd1 Rc8 12. d4 cxd4 13. Nb5 Bc5 14. a3 a5 15. exd4 Be7 16. Ng5 Nb8 17. Nxe6 fxe6 18. Bxe6+ Rf7 19. Rxc8 Bxc8 20. d5 Qf8 21. h3 Bd7 22. a4 Bc5 23. Bxf7+ Qxf7 24. Nc7 Bf5 25. Ne6 Nbd7 26. Bd4 Bb4 27. Rc1 h6 28. Be5 Nxd5 29. Bg3 Nf8 30. Bh2 Qc7 31. g4 Be7 32. Rb1 Qc8 33. Qa2 Bd8 34. Nxf8 Qc6 35. Bg3 Qe8 1-0

[Event "1 Festival Internazionale"]
[Site "Cortina d'Ampezzo"]
[Date "2003.07.10"]
[Round "5"]
[White "Ivanov, Mikhail M"]
[Black "Sulava, Nenad"]
[Result "1/2-1/2"]
[WhiteElo "2446"]
[BlackElo "2531"]
[PlyCount "89"]
[EventDate "2003.07.07"]
[Source "Roberto Alvarez"]
[SourceDate "2003.07.21"]

1. Nf3 d5 2. c4 dxc4 3. e3 Be6 4. Na3 Nf6 5. Nxc4 Bd5 6. b4 e6 7. a3 Be7 8. Bb2 O-O 9. Qc2 Nbd7 10. d4 Nb6 11. Ncd2 Bc6 12. Rc1 Rc8 13. Bd3 Ba4 14. Qb1 Nbd5 15. O-O c6 16. g3 Bb5 17. Bxb5 cxb5 18. Rxc8 Qxc8 19. Rc1 Qa8 20. Nb3 Rc8 21. Qd3 a6 22. Nfd2 Rxc1+ 23. Bxc1 Qc8 24. Bb2 Nb6 25. Nc5 Qc6 26. Bc3 h5 27. h4 Nbd5 28. Bb2 Nb6 29. Bc3 Nbd5 30. Bb2 b6 31. Ncb3 Ng4 32. e4 Nc7 33. f3 Nf6 34. Qc3 Qd7 35. Kg2 Nfe8 36. Nc1 Bf6 37. Nd3 Nd6 38. Qc2 Nde8 39. Nb3 g6 40. Kf2 Bg7 41. Ke2 Nd6 42. Nd2 Nc8 43. Ne5 Qd6 44. g4 Ne7 45. Nf1 1/2-1/2

[Event "Blackpool zt"]
[Site "Blackpool"]
[Date "1990.??.??"]
[Round "?"]
[White "Suba, Mihai"]
[Black "Motwani, Paul"]
[Result "1-0"]
[WhiteElo "2505"]
[BlackElo "2470"]
[PlyCount "199"]
[EventDate "1990.05.??"]
[Source "ChessBase"]

1. Nf3 d5 2. c4 dxc4 3. e3 Nf6 4. Bxc4 e6 5. b3 a6 6. Bb2 c5 7. O-O Nc6 8. Be2 Be7 9. Qc2 Nb4 10. Qc3 O-O 11. Rd1 b5 12. a4 Bd7 13. Ne5 Be8 14. Qc1 Qb8 15. h3 Nfd5 16. Nf3 Bd7 17. Nc3 Rc8 18. axb5 axb5 19. Rxa8 Qxa8 20. Ne5 Be8 21. Nxb5 c4 22. Nc3 cxb3 23. Qb1 f6 24. Nxd5 Qxd5 25. e4 Qa5 26. Nc4 Qa2 27. Ne3 Bf7 28. e5 Bg6 29. Qxa2 bxa2 30. Bc4 Kf7 31. f4 Bd3 32. Bb3 Bc5 33. Ra1 Bxe3+ 34. dxe3 Bb1 35. exf6 gxf6 36. f5 Bxf5 37. Rf1 Ke7 38. Ba3 Rb8 39. Bxa2 Kd7 40. Rd1+ Ke8 41. Bc4 Nc2 42. Bc5 Rc8 43. Bb5+ Kf7 44. Rd7+ Kg6 45. Ba7 Nb4 46. Rd4 Nc2 47. Ra4 e5 48. g4 Be6 49. Bd3+ Kg5 50. Bxh7 Bb3 51. Ra5 Rh8 52. Bf5 Rxh3 53. Kf2 Kh4 54. Ke2 Rh2+ 55. Kd3 Ne1+ 56. Kc3 Bf7 57. Bb6 Nf3 58. Bd8 Kg5 59. Ra7 Bg6 60. Rg7 Nh4 61. e4 Ra2 62. Rg8 Ra6 63. Kc4 Kh6 64. Rh8+ Kg5 65. Kb5 Bxf5 66. Kxa6 Bxe4 67. Rf8 Kxg4 68. Rxf6 Bd3+ 69. Kb6 e4 70. Kc5 Nf5 71. Kd5 e3 72. Ba5 Kf3 73. Rf8 e2 74. Rh8 Kf2 75. Rh2+ Kg3 76. Rh1 Bc2 77. Bd2 Kf2 78. Rh2+ Kf1 79. Ke5 Ng3 80. Kf4 Ne4 81. Ba5 Nf2 82. Kg3 Ne4+ 83. Kf3 Ng5+ 84. Ke3 Bd1 85. Rf2+ Kg1 86. Be1 Nh3 87. Rf3 Kg2 88. Rg3+ Kh2 89. Rg7 Ng1 90. Rg8 Nh3 91. Ba5 Kh1 92. Kd2 Nf2 93. Bb6 Ng4 94. Ke1 Ne5 95. Rg3 Kh2 96. Re3 Nc4 97. Bc7+ Kg2 98. Rg3+ Kh1 99. Kf2 e1=Q+ 100. Kxe1 1-0

[Event "Sarajevo"]
[Site "?"]
[Date "1980.03.28"]
[Round "11"]
[White "Szekely Peter"]
[Black "Ivkov Borislav"]
[Result "1/2-1/2"]
[WhiteElo "2440"]
[BlackElo "2530"]
[PlyCount "113"]
[EventDate "1980.??.??"]
[Source "www.chesslib.no"]
[SourceDate "2004.05.04"]

1. Nf3 d5 2. c4 dxc4 3. Qa4+ Qd7 4. Qxc4 Qc6 5. e3 Nf6 6. Ne5 Qxc4 7. Bxc4 e6 8. b3 Nbd7 9. Bb2 Nxe5 10. Bxe5 Bd6 11. Bxd6 cxd6 12. Nc3 Bd7 13. d4 Rc8 14. Kd2 Ke7 15. Rac1 Bc6 16. f3 g5 17. e4 g4 18. Bd3 gxf3 19. gxf3 Rhg8 20. Rhg1 e5 21. Ne2 Rg6 22. Ng3 Bd7 23. Rxc8 Bxc8 24. Rc1 Kd8 25. dxe5 dxe5 26. Bc4 Rh6 27. Nf1 Bh3 28. Ng3 Be6 29. Nf1 Bh3 30. Ng3 Bd7 31. Nf1 Ke7 32. Rc2 Bc6 33. Be2 Rh3 34. Ke1 Nh5 35. Bd1 Nf4 36. Ng3 Ne6 37. Nf5+ Kf6 38. Rd2 Nd4 39. Ng3 Kg5 40. Rg2 Kf4 41. Kf2 Bd7 42. Be2 Rh6 43. Bd3 a5 44. Be2 b6 45. Bd3 Bh3 46. Rg1 Be6 47. Rg2 Bd7 48. Be2 Rh4 49. Bd3 Bh3 50. Rg1 Be6 51. Rg2 h5 52. Ba6 Bh3 53. Rg1 f5 54. exf5 Bxf5 55. Rh1 Bd7 56. Bb7 b5 57. Nf1 1/2-1/2